Namibia and the world: the story of the birth of a nation (Record no. 64333)

MARC details
000 -LEADER
fixed length control field 00372nam a2200145Ia 4500
008 - FIXED-LENGTH DATA ELEMENTS--GENERAL INFORMATION
fixed length control field 230917s9999||||xx |||||||||||||| ||und||
040 ## - CATALOGING SOURCE
-- 40672
Original cataloging agency VIVEKANANDA LIBRARY
041 ## - Language
-- English
082 ## - DDC NUMBER
Classification number 968.8 S98N
100 ## - MAIN ENTRY--PERSONAL NAME
Personal name Saxena, SC
245 #0 - TITLE STATEMENT
Title Namibia and the world: the story of the birth of a nation
260 ## - PUBLICATION, DISTRIBUTION, ETC. (IMPRINT)
Place of publication, distribution, etc Delhi
Name of publisher, distributor, etc Kalinga
Date of publication, distribution, etc 1991
300 ## - PHYSICAL DESCRIPTION
Pages iii, 382 p.
942 ## - ADDED ENTRY ELEMENTS (KOHA)
Koha item type Books
Holdings
Withdrawn status Lost status Damaged status Not for loan Location (home branch) Sublocation or collection (holding branch) Date acquired Koha issues (times borrowed) Koha full call number Accession No. Koha date last seen Koha item type
        VIVEKANANDA LIBRARY VIVEKANANDA LIBRARY 07/11/2002   968.8 S98N 136476 17/09/2023 Books
© Designed and Maintained by Vivekananda Library, MDU Rohtak